000 02201cam a22005054i 4500
003 PE-LiUPU
005 20250731172800.0
008 150617s1982 sp rb 000 0 spa d
020 _a8470573012
035 _a(Sirsi) i9788470573019
040 _aPE-LiUPU
_bspa
_cPE-LiUPU
_erda
049 _aPRUA
082 0 4 _a225.07
_bL
_221
100 1 _aMateos, Juan,
_eautor.
245 1 4 _aLos doce y otros seguidores de Jesús en el evangelio de Marcos /
_cJuan Mateos.
264 1 _aMadrid :
_bEdiciones Cristiandad,
_c1982.
300 _a304 páginas ;
_c24 centímetros.
336 _atext
_2rdacontent
337 _aunmediated
_2rdamedia
338 _avolume
_2rdacarrier
490 1 _aLectura del nuevo testamento, estudios críticos y exegéticos ;
_v1
504 _aIncluye bibliografía.
505 0 _aLos Doce y sus discípulos: Los Doce, su significado y constitución -- Las dos designaciones, sus discípulos y los Doce -- Seguidores de Jesús no incluidos en los Doce: El grupo en torno a él -- La multitud -- Los dos grupos -- La prioridad de Israel -- Sus propios discípulos -- Relación entre los Doncellos discípulos y los seguidores no israelitas: Los dos grupos en 10, 32. Visión sintética de uno y otro grupo. El doble vocabulario -- Discípulos mencionados por su nombre: La lista de los Doce.
526 _aSEG42
526 _aSEG41
526 _aSEG40
526 _aSEG39
526 _aP94
526 _aP87
526 _aP86
526 _aP85
526 _aP77
526 _aP76
526 _aP35
630 _aBiblia
_pN.T.
_pMarcos
_xComentarios.
650 0 4 _aApóstoles.
600 0 0 _aJesucristo
_xAmigos y asociados.
910 _ajck
_bjvq
_cjck
_d20150616
942 _2ddc
_cBOOK
949 _a225.07 L
_wDEWEY
_c1
_i21328
_d2016-4-14
_e2016-4-14
_lCCODEBUL1
_mBUL
_n1
_r0
_sY
_tBOOK
_u2015-6-17
_xTEOLOGIA
_PP35
_0COMPRA
_o.STAFF. Colección Teología
994 _aC0
_bPEPRU
596 _a1
999 _a225.07 L
_wDEWEY
_c3397
_i21328
_d3397
_e2016-4-14
_f2021-11-9
_g5
_lCCODEBUL1
_mBUL
_n1
_p15.00
_q1
_r0
_sY
_tBOOK
_u2015-6-17
_xTEOLOGIA
_PP35
_0COMPRA
_o.STAFF. Colección Teología
980 _81
_gALBERTO SANCHEZ Responsable de Automatización